Responses for Show #8763 - Wednesday, December 14, 2022

Sean McShane game 3.

Contestants

[<< previous game]

Mollie Cowger, an assistant puzzles & games editor from San Francisco, California

Dan Rosen, an accounting clerk from Philadelphia, Pennsylvania

Sean McShane, a nonprofit membership associate originally from West Islip, New York (whose 2-day cash winnings total $53,200)

[next game >>]

Jeopardy! Round responses

HISTORIC NAMES
ANIMALS IN FRENCH
WHO LOU?
LIGHTS, CAMERA, AUCTION!
THE PROOF
IN THE PUDDING
    $200 1
Amelia Earhart

Sean
    $200 4
a fox

Dan
    $200 30
Lou Gehrig

Sean
    $200 16
Mario Bros.

Mollie
    $200 29
proves the rule

Dan
    $200 28
bread pudding

Mollie
    $400 2
Booker T. Washington

Sean
    $400 5
a butterfly

Dan
    $400 20
(Mollie: Who is O'Reilly?)

Lou Dobbs

SeanMollie
    $400 14
a T-rex

Mollie
    $400 23
alcohol by volume

Sean
    $400 27
rice pudding

Sean
    $600 3
Sitting Bull

Dan
    $600 6
(Ken: That's right, like mutton.)

a sheep

Sean
    $600 15
La Bamba

Dan
    $600 11
a (homing) pigeon

Sean
    $600 17
the burden of proof

Sean
    $600 26
chocolate pudding

Sean
    $800 7
Dreyfus

Sean
    $800 9
(Sean: What is a snake?)
(Ken: More specifically?)

a rattlesnake

Sean
    $800 21
deep dish pizza

Mollie
    $800 12
Rolex

Sean
    $800 18
a neutrino

Dan
    $4,000 25
(Sean: What is black pudding?)
(Ken: No, I'm sorry, you were a little too specific; it's actually [*], also a bloody food, but the wrong one.)

blood pudding

Sean
    $1000 8
Marco Polo

Sean
    $1000 10
lobster

Mollie
    $1000 22
(Lou) Costello

Dan
    $1000 13
Gandhi

Sean
    $1000 19
Dr. Johnson

Triple Stumper
    $1000 24
Yorkshire pudding

Sean

Scores at the first commercial break (after clue 15):

Sean Dan Mollie
$6,200 $1,800 $1,400

Scores at the end of the Jeopardy! Round:

Sean Dan Mollie
$5,800 $3,800 $2,200

Double Jeopardy! Round responses

CAPITAL CITY RIVERS
8-LETTER CROSSWORD CLUES
INSTRUMENTAL PAST
THE NONFICTION SECTION
THE "J.C"s
(Ken: Each response will be a person with those initials, like Johnny Cash.)
1982: A YEAR IN FILM
    $400 7
Dublin

Mollie
    $400 30
a refinery

Dan
    $400 6
"Taps"

Sean
    $400 18
9/11

Mollie
    $400 24
Jimmy Carter

Sean
    $400 29
Paul Newman

Sean
    $800 11
Canberra

Sean
    $800 14
Gomorrah

Dan
    $800 5
fife

Dan
    $800 15
Zebras

Mollie
    $800 23
James Caan

Sean
    $800 28
Fast Times at Ridgemont High

Sean
    $1200 9
Athens

Sean
    $1200 1
(Ken: Yes, of The Addams Family.)

Morticia

Dan
    $3,000 2
(Ken: It was largely a Scottish rebellion, yes.)

bagpipes

Dan
    $1200 16
fast & slow

Mollie
    $1200 20
Julia Child

Sean
    $1200 27
[Ken imitates Arnold when reading the quote.]
(Sean: Who is the Terminator?)
...
(Ken: The Terminator might enjoy those things too, but this is a line from [*].)

Conan the Barbarian

Sean
Triple Stumper
    $1600 8
Vientiane

Mollie
    $1600 12
platonic

Sean
    $1600 3
"Nearer, My God, To Thee"

Sean
    $1600 17
Math

Dan
    $1600 21
Jacques Cousteau

Sean
    $1600 26
Blade Runner

Sean
    $2000 10
the Niger River

Sean
    $2000 13
Labrador

Sean
    $2000 4
Nebuchadnezzar

Sean
    $1,500 19
(Mollie: What is the Styx?)

the Northwest Passage

Mollie
    $2000 22
John Cheever

Triple Stumper
    $2000 25
(Ken: [Imitating Carol Anne] [*], is right.)
[Laughter]

"they're here"

Dan

Scores at the end of the Double Jeopardy! Round:

Sean Dan Mollie
$23,000 $13,600 $5,100

[wagering suggestions for these scores]

Final Jeopardy! Round responses

PRESIDENTIAL FACTS
(Ken: [To Mollie] You picked a long president to write; unfortunately, it's not correct.)
...
(Ken: [To Sean] Grover Cleveland and [*] the others; he married his second wife, Edith, in Washington, D.C.)
MollieWho is William Henry Harrison?
$900
DanWho is Taylor?
$7,000
SeanWho is Wilson?
$4,201
(Woodrow) Wilson

Final scores:

Sean Dan Mollie
$27,201 $6,600 $4,200
3-day champion: $80,401 2nd place: $2,000 3rd place: $1,000

Game dynamics:

Coryat scores:

Sean Dan Mollie
$27,000 $11,800 $6,600
31 R,
2 W
(including 1 DD)
14 R
(including 1 DD),
0 W
10 R,
2 W
(including 1 DD)

Combined Coryat: $45,400

[game clues] [game scores] [suggest correction]

Game tape date: 2022-10-24
The J! Archive is created by fans, for fans. Scraping, republication, monetization, and malicious use prohibited; this site may use cookies and collect identifying information. See terms. The Jeopardy! game show and all elements thereof, including but not limited to copyright and trademark thereto, are the property of Jeopardy Productions, Inc. and are protected under law. This website is not affiliated with, sponsored by, or operated by Jeopardy Productions, Inc. Join the discussion at JBoard.tv.